000 00343nam a2200133Ia 4500
005 20260328104318.0
008 260328s9999||||xx |||||||||||||| ||und||
100 _aGoldfinger, Myron
245 0 _aArquitectura Popular MediterrĂ¡nea /
_cMyron Goldfinger
260 _bGustavo Gili
300 _a180 p.
650 _aARQUITECTURA
942 _cBK
999 _c11238
_d11238